000 00619cam a2200229 a 4500
001 2879131
005 20180201071643.0
008 860827s1987 paua b 001 0 eng c
010 _a 86021017
020 _a0397507712
040 _aDNLM/DLC
_cDLC
_dDLC
041 _aeng
060 _aQV 81 S872p
080 _a615.781 STO
082 0 0 _a615.781 STO
_219
100 1 _a5
101 _aFAR
245 1 0 _aPharmacology and physiology in anesthetic practice /
_cRobert K. Stoelting.
504 _aIncludes bibliographies and indexes.
906 _a7
_bcbc
_corignew
_d1
_eocip
_f19
_gy-gencatlg
942 _2ddc
_cBK
999 _c41528
_d41528